| 000 | 01188cam a22003135a 4500 | ||
|---|---|---|---|
| 999 |
_c26252 _d26224 |
||
| 001 | 011291801 | ||
| 003 | EG-ScBUE | ||
| 005 | 20201128024249.0 | ||
| 008 | 961007t1997 caua f b 001 0 eng d | ||
| 020 | _a0124808654 | ||
| 020 | _a9780124808652 | ||
| 040 |
_aUk _beng _erda _cUk _dEG-ScBUE |
||
| 082 | 0 | 4 |
_a621.3192 _bMAY _222 |
| 100 | 1 |
_aMayergoyz, I. D., _eauthor. |
|
| 245 | 1 | 0 |
_aBasic electric circuit theory : _ba one-semester text / _cI. D. Mayergoyz, University of Maryland, Department of Electrical Engineering, College Park, Maryland, W. Lawson, University of Maryland, Department of Electrical Engineering, College Park, Maryland. |
| 264 | 1 |
_aSan Diego, CA : _bAcademic Press Limited, _c[1997] |
|
| 264 | 4 | _cc1997 | |
| 300 |
_axiv, 449 pages : _billustrations ; _c24 cm |
||
| 336 |
_2rdacontent _atext _btxt |
||
| 337 |
_2rdamedia _aunmediated _bn |
||
| 338 |
_2rdacarrier _avolume _bnc |
||
| 500 | _aIncludes appendices. | ||
| 504 | _aIncludes bibliographical references and index. | ||
| 650 | 7 |
_aElectric circuits. _2BUEsh _91213 |
|
| 653 |
_bGGEN _bENGELC _cMarch2018 |
||
| 655 |
_vReading book _934232 |
||
| 700 | 1 |
_aLawson, W. _q(Wes) _eauthor. _938931 |
|
| 942 |
_2ddc _cBB |
||